Sports Quiz

Random Sports Quiz

AhlyScorers Quiz Stats

 Plays Quiz not verified by Sporcle

Score 0/12 Timer 04:00
0 Plays Today
عدد الأهداف اللاعب % Correct
1وليد سليمان
83.1%
1محمد ناجي جدو
82.5%
1سيد عبد الحفيظ
76.7%
2محمد أبو تريكة
75.4%
1فلافيو
73.2%
1السيد حمدي
72.1%
2عبد الله السعيد
64.5%
1أحمد فتحي
46.9%
1محمد فضل
42.5%
1مؤمن زكريا
40.3%
1أسامة حسني
35.7%
1جون أنطوي
31.2%

You're not logged in!

Compare scores with friends on all Sporcle quizzes.
OR
Log In

Sporcle TV

Today on Sporcle TV


Watch our educational content, quiz creation guides, and fun videos on Sporcle TV.

Show Comments

Extras

Created Sep 16, 2017ReportNominate

Top Quizzes Today


Score Distribution

Your Account Isn't Verified!

In order to create a playlist on Sporcle, you need to verify the email address you used during registration. Go to your Sporcle Settings to finish the process.

Report this User

Report this user for behavior that violates our Community Guidelines.

Details: